000 00359 a2200169 4500
001 184598
020 _a85-357-0007-2
040 _cMagnum
100 _aCazarré, Lourenço
240 1 0 _aTerror em tudo azul
_lpor
245 1 0 _aTerror em tudo azul
300 _a123
362 0 _a1999
440 1 _aAtual
697 _aLITERATURA JUVENIL
942 _cBK
999 _c184598
_d184598